| 000 | 00732nam a2200277Ia 4500 | ||
|---|---|---|---|
| 005 | 20260320195751.0 | ||
| 008 | 008 262003s9999 xx 000 0 hin d | ||
| 020 | _a9789386863553 | ||
| 037 | _aEBOOK | ||
| 040 | _aCRL | ||
| 040 | _bhin | ||
| 040 | _cCRL | ||
| 041 | _2hin | ||
| 041 | _ahin | ||
| 084 | _qCRL | ||
| 100 |
_aऐलिस मुनरो, अनु. आनंद _91133042 |
||
| 245 | 0 | _aमैं तुमसे कुछ कहना चाहती हूँ | |
| 250 | _a2nd | ||
| 260 | _bRajkamal | ||
| 260 | _c2018 | ||
| 300 | _a215 | ||
| 856 | _uhttps://ebook.indiaread.in/pdfs/main_tumse_kuchh_kahana_chahti_hoon.pdf | ||
| 942 | _cEBOOK | ||
| 999 |
_c1716390 _d1716390 |
||